Foxes, Wolves and Other Canines Quiz Stats

 Plays Quiz Updated Jul 16, 2019

Score 0/32 Timer 10:00
0 Plays Today
Clue Answer % Correct
'Transformers' actress, ranked #2 on Maxim's Hot 100 list for 2009.Megan Fox
88.5%
A person who prefers to live and/or work alone.Lone Wolf
78.8%
'You might be a redneck if..' you recognize this comedian and host of 'Are You Smarter Than A Fifth Grader?'Jeff Foxworthy
71.7%
2000 film that starred Piper Perabo as one of several female bartenders.Coyote Ugly
70.3%
Ballroom dance, album from Genesis, or Bill Amend comic strip.Foxtrot
70.1%
Second most popular internet browser.
If you're not using it, switch. Now.
Firefox
69.4%
To raise a false alarm.Crying wolf
68.9%
Army slang for a defensive fighting position dug into the ground.Foxhole
67.7%
Song and video that introduced Duran Duran to the American public at large.Hungry Like The Wolf
64.2%
Ingenious yet unsuccesful pursuer of the Road Runner. His middle initial is claimed to stand for Ethelbert.Wile E Coyote
63.7%
Where you can watch Bill O'Reilly, Glenn Beck and Sean Hannity, if you're so inclined.Fox News Channel
60.1%
One of only two actors to win the Emmy for Best Actor in 2 different comedy series:
Family Ties & Spin City.
Michael J. Fox
59.9%
Oscar-winning actor ('Ray') and singer ('Unpredictable', 'Blame It')Jamie Foxx
59.4%
NBA team in Minneapolis, and the first pro team for Kevin Garnett.Minnesota Timberwolves
56.8%
Idiom for something hostile encloaked as something friendly or peacefulWolf in sheep's clothing
54%
White-haired and bearded host of CNN's The Situation RoomWolf Blitzer
44.3%
Clue Answer % Correct
On The X Files, he was Dana Scully's original partner.Fox Mulder
41.2%
Nickname of WWII German Field Marshall Erwin Rommel.The Desert Fox
38.1%
Sergei Prokofiev wrote this children's musical composition in 1936.Peter and the Wolf
36.1%
Song from Disney's 'Three Little Pigs' that inspired the title of an Albee drama.Who's Afraid of the Big Bad Wolf?
35.4%
When the NHL's Winnipeg Jets moved to Arizona, this became their full name.Phoenix Coyotes
32.1%
American Chicano band who had an international #1 hit with 'La Bamba'.Los Lobos
28.6%
Either of two actors who starred in 'Party Of Five' and fit this category.Matthew Fox / Scott Wolf
27.5%
Purple flower that was the original source of the heart drug Digitalis.Foxglove
26.7%
Pam Grier 1974 title role or rapper who recorded 'I'll Be' with Jay-Z.Foxy Brown
25%
Former 'page 3' model who had a pop career with hits like 'Naughty Girls Need Love Too' and 'Touch Me (I Want Your Body)'.Samantha Fox
18.6%
Before joining the original CSI, she played a Secret Service agent on The West Wing.Jorja Fox
15.6%
5000 km Australian barrier designed to protect sheep from native predators.Dingo Fence
12.7%
Chicago blues singer ('Smoke Stack Lightning', 'Red Rooster') born Chester Burnett.Howlin' Wolf
12.5%
Fredrick Forsyth assassination novel that became a movie starring, appropriately, Edward Fox.The Day of the Jackal
11.7%
His 5,000 km Marathon Of Hope made this one-legged Canadian runner a world-wide heroTerry Fox
11%
In E.T., he played a government agent and the DA on Law & Order: L.A.Peter Coyote
6.2%

You're not logged in!

Compare scores with friends on all Sporcle quizzes.
OR
Log In

Sporcle TV

Today on Sporcle TV


Watch our educational content, quiz creation guides, and fun videos on Sporcle TV.

Show Comments

Extras

Top Quizzes Today


Score Distribution

Your Account Isn't Verified!

In order to create a playlist on Sporcle, you need to verify the email address you used during registration. Go to your Sporcle Settings to finish the process.

Report this User

Report this user for behavior that violates our Community Guidelines.

Details: